000 00675nam a2200217 a 4500
001 BRCA_1954
005 20190320203620.0
008 850328s1984 sp-a---##d---#000-0#spa-d
020 _a8430697659
040 _aDLC
_cDLC
_dDLC
050 4 _aN7740
_b.M67 1984
100 1 _aMorales y Marín, José Luis
_d1946-
_96002
245 1 0 _aDiccionario de iconología y simbología
_cJosé Luis Morales y Marín.
260 _aMadrid
_bTaurus
_c1984
300 _a378 p.
_bil.
_c25 cm.
504 _aBibliografía: p. 363-378
650 1 4 _aArte
_vDiccionarios
_xTemas, motivos
_96003
650 1 4 _aSimbolismo en el arte
_vDiccionarios
_xEspañol
_96004
902 _aREF
942 _2lcc
_cB
999 _c1724
_d1724